MARC

LEADER 00000nam0a2200000 4500
001 261687
005 20231101233603.0
010 |a 5279000493 
035 |a (RuTPU)RU\TPU\book\284668 
090 |a 261687 
100 |a 20140526d1988 k y0rusy50 ca 
101 0 |a rus 
102 |a RU 
105 |a a z 001zy 
200 1 |a Статистические методы в управлении производством  |f М. Р. Ефимова 
210 |a Москва  |c Финансы и статистика  |d 1988 
215 |a 151 с.  |c ил. 
320 |a Библиогр.: с. 148-150 
606 1 |a Промышленные предприятия  |x Управление  |x Математические методы  |x Статистические методы  |2 stltpush  |3 (RuTPU)RU\TPU\subj\52701  |9 71104 
610 1 |a экономика 
610 1 |a статистика 
610 1 |a производственные ресурсы 
610 1 |a производственные объединения 
610 1 |a организационно-технический уровень 
610 1 |a оценка 
675 |a 658.012.122  |v 3 
700 1 |a Ефимова  |b М. Р.  |g Марина Романовна 
801 1 |a RU  |b 63413507  |c 20140526 
801 2 |a RU  |b 63413507  |c 20160606  |g RCR 
942 |c BK